Countries Closest to Angola - Statistics

General Stats
  • This quiz has been taken 72 times
  • The average score is 19 of 20
Answer Stats
Distance (mi) Answer Distance (km) % Correct
0 Democratic Republic of the Congo 0
100%
0 Namibia 0
100%
467 South Africa 752
100%
435 Mozambique 700
98%
0 Republic of the Congo 0
98%
0 Zambia 0
98%
73 Gabon 117
96%
119 Zimbabwe 192
96%
385 Equatorial Guinea 619
93%
20 Botswana 32
91%
454 Cameroon 731
91%
489 Tanzania 788
91%
558 Burundi 898
89%
513 Central African Republic 826
89%
580 Malawi 934
89%
689 Nigeria 1,108
89%
583 Rwanda 939
89%
509 São Tomé and Principe 820
89%
754 Eswatini 1,213
87%
673 Uganda 1,084
80%
No matching quizzes found
Score Distribution
Percent of People with Each Score
Percentile by Number Answered
Your Score History
You have not taken this quiz